| 000 | 00624nam a2200193Ia 4500 | ||
|---|---|---|---|
| 003 | STCL | ||
| 008 | 230726s9999 xx 000 0 und d | ||
| 020 | _a9780553818147 | ||
| 040 |
_aSTCL _cSTCL _bEN |
||
| 082 | _222 | ||
| 100 | _aSasson, Jean | ||
| 245 | 0 | _aLove in a torn land: one women's daring escape from Saddam's poison gas attacks on the Kurdish people of Iraq | |
| 246 | _aLove in a torn land: one womens daring escape from Saddams poison gas attacks on the Kurdish people of Iraq | ||
| 260 |
_bBantam Books _aLondon _c2007 |
||
| 300 | _a431 p | ||
| 365 | _b399 | ||
| 546 | _aEnglish | ||
| 942 |
_2DDC _e22 _cBKDDC |
||
| 999 |
_c89355 _d89355 |
||